logo

Bir Sreshtho Munshi Abdur Rouf Library
Jhenaidah Cadet College

গ্যালিলিও গ্যালিলি / (Record no. 10984)

MARC details
000 -LEADER
fixed length control field 00775nam a2200229 a 4500
001 - CONTROL NUMBER
JCCL Control Number 10984
003 - CONTROL NUMBER IDENTIFIER
JCCL marc code BD-JhCC
005 - DATE AND TIME OF LATEST TRANSACTION
control field 20190715092741.0
008 - FIXED-LENGTH DATA ELEMENTS--GENERAL INFORMATION
fixed length control field 190615s2015 bg |||| |||| 000 0 ben d
020 ## - INTERNATIONAL STANDARD BOOK NUMBER
International Standard Book Number 9847000000293
035 ## - SYSTEM CONTROL NUMBER
system control number (BD-JhCC)10984
040 ## - CATALOGING SOURCE
Original cataloging agency BD-JhCC
Modifying agency BD-JhCC
041 ## - LANGUAGE CODE
Language code of Book ben
082 ## - DEWEY DECIMAL CLASSIFICATION NUMBER
Classification number 925
Author mark and Year SID 2015
100 ## - MAIN ENTRY--PERSONAL NAME
Personal name সিদ্দিকী, জহুরুল আলম
245 ## - TITLE STATEMENT
Title গ্যালিলিও গ্যালিলি /
Statement of responsibility, etc জহুরুল আলম সিদ্দিকী
260 ## - PUBLICATION, DISTRIBUTION, ETC. (IMPRINT)
Place of publication, distribution, etc ঢাকা :
Name of publisher, distributor, etc জাতীয় সাহিত্য প্রকাশ,
Date of publication, distribution, etc ২০১৫.
300 ## - PHYSICAL DESCRIPTION
Pagination ৭৯ পৃ.
Dimensions ২০ সেমি.
600 ## - SUBJECT ADDED ENTRY--PERSONAL NAME
Personal name Galilei, Galileo
650 ## - SUBJECT ADDED ENTRY--TOPICAL TERM
Topical term or geographic name as entry element Biography
Form subdivision Scientist
942 ## - ADDED ENTRY ELEMENTS (KOHA)
Source of classification or shelving scheme Dewey Decimal Classification
Koha item type Books
Holdings
Source of classification or shelving scheme Damaged status Not for loan Home library Current library Shelving location Date of accession Cost, normal purchase price Total Checkouts Full call number Barcode Date last seen Copy number Koha item type Method of acquisition Currency
Dewey Decimal Classification     JCC Rouf Library JCC Rouf Library General Stacks 06/15/2019 120.00   925 SID 2015 15012 07/15/2019 C-1 Books    
Dewey Decimal Classification     JCC Rouf Library JCC Rouf Library General Stacks 06/23/2023 90.00   925 SID 2015 18277 08/30/2023 C-2 Books Purchase BDT

JCC Library | Contacts | JCC Home

Last Update on 23 September 2017
Copyright @ 2017-2020 JCC Rouf Library
Rouf Library, Jhenidah Cadet College (JCC), Bangladesh